How to give up smoking (Record no. 65083)

000 -LEADER
fixed length control field 00416nam a22001697a 4500
003 - CONTROL NUMBER IDENTIFIER
control field NUST - PNEC
005 - DATE AND TIME OF LATEST TRANSACTION
control field 20170116180905.0
008 - FIXED-LENGTH DATA ELEMENTS--GENERAL INFORMATION
fixed length control field 150902b xxu||||| |||| 00| 0 eng d
020 ## - INTERNATIONAL STANDARD BOOK NUMBER
International Standard Book Number 1851523715
040 ## - CATALOGING SOURCE
Transcribing agency LIBRARY
082 ## - DEWEY DECIMAL CLASSIFICATION NUMBER
Classification number 613.85 BRO
100 ## - MAIN ENTRY--PERSONAL NAME
9 (RLIN) 6622
Personal name Brown,Loulou
245 ## - TITLE STATEMENT
Title How to give up smoking
Statement of responsibility, etc. Loulou Brown
260 ## - PUBLICATION, DISTRIBUTION, ETC.
Date of publication, distribution, etc. c.1990
650 ## - SUBJECT ADDED ENTRY--TOPICAL TERM
9 (RLIN) 6624
Topical term or geographic name entry element Smoking
General subdivision General Book
942 ## - ADDED ENTRY ELEMENTS (KOHA)
Source of classification or shelving scheme
Koha item type Book
Holdings
Withdrawn status Lost status Source of classification or shelving scheme Damaged status Not for loan Permanent Location Current Location Shelving location Date acquired Total Checkouts Full call number Barcode Date last seen Price effective from Koha item type
          Pakistan Navy Engineering College (PNEC) Pakistan Navy Engineering College (PNEC)       613.85 BRO PNECLIB-020346 09/02/2015   Book
© 2023 Central Library, National University of Sciences and Technology. All Rights Reserved.